00303 a2200109 4500001000700000020000600007040001100013100001900024240007300043245006800116362000900184169558 a  cMagnum aFurth, Hans G.10aPiaget na pratica escolar: a criatividade no curriculo integrallpor10aPiaget na pratica escolar: a criatividade no curriculo integral0 a1899